| 000 | 01151pam a2200349 a 4500 | ||
|---|---|---|---|
| 999 |
_c2315 _d2315 |
||
| 001 | 013174761 | ||
| 003 | Uk | ||
| 005 | 20230413105252.0 | ||
| 008 | 050407s2005 enka j 000 0 eng | ||
| 015 |
_aGBA531105 _2bnb |
||
| 016 | 7 |
_a013174761 _2Uk |
|
| 020 | _a0746064209 : | ||
| 040 |
_aStDuBDS _dUk _dKH8 _cUOX |
||
| 042 | _aukblsr | ||
| 082 | 0 | 4 |
_a823.92 SIM _222 |
| 100 | 1 |
_aSims, Lesley. _eAuthor |
|
| 240 | 1 | 0 |
_aSnow White and the seven dwarfs. _lEnglish _s(Molvaer) |
| 245 | 1 | 0 |
_aSnow White and the seven dwarfs / _cLesley Sims [from the story by the Brothers Grimm] ; illustrated by Desideria Guicciardini. |
| 260 |
_aLondon : _bUsborne, _c2005. |
||
| 300 |
_a48 p. : _bcol. ill. ; _c21 cm. |
||
| 336 |
_atext _2rdacontent |
||
| 337 |
_aunmediated _2rdamedia |
||
| 338 |
_avolume _2rdacarrier |
||
| 500 |
_aFormerly CIP. _5Uk |
||
| 650 |
_a Blanche-Neige (Conte) Romans, _v nouvelles, _xetc. pour la jeunesse |
||
| 650 | _aChildren's stories | ||
| 650 |
_aFairy tales _vFiction |
||
| 700 | 1 |
_aGuicciardini, Desideria. _eIllustrator |
|
| 700 | 1 |
_aGrimm, Jacob, _d1785-1863. |
|
| 700 | 1 |
_aGrimm, Wilhelm, _d1786-1859. |
|
| 942 |
_2ddc _cFIC |
||